Two leaves and a bud. (Record no. 74877)

MARC details
000 -LEADER
fixed length control field 00603cam a22002291 4500
001 - CONTROL NUMBER
control field sa 67004987
003 - CONTROL NUMBER IDENTIFIER
control field DLC
005 - DATE AND TIME OF LATEST TRANSACTION
control field 20260227112352.0
008 - FIXED-LENGTH DATA ELEMENTS--GENERAL INFORMATION
fixed length control field 770421s1966 ii 000 1 eng
010 ## - LIBRARY OF CONGRESS CONTROL NUMBER
LC control number sa 67004987
035 ## - SYSTEM CONTROL NUMBER
System control number (OCoLC)2905501
040 ## - CATALOGING SOURCE
Original cataloging agency DLC
Transcribing agency TxFTC
Modifying agency TxFTC
-- DLC
050 00 - LIBRARY OF CONGRESS CALL NUMBER
Classification number PZ3.A535
Item number Tw7
Classification number PR9499.3.A5
100 1# - MAIN ENTRY--PERSONAL NAME
Personal name Anand, Mulk Raj,
Dates associated with a name 1905-2004.
245 10 - TITLE STATEMENT
Title Two leaves and a bud.
250 ## - EDITION STATEMENT
Edition statement [2d Indian ed.]
260 ## - PUBLICATION, DISTRIBUTION, ETC.
Place of publication, distribution, etc. Bombay,
Name of publisher, distributor, etc. Kutub-Popular
Date of publication, distribution, etc. [1966]
300 ## - PHYSICAL DESCRIPTION
Extent 276 p.
Dimensions 19 cm.
500 ## - GENERAL NOTE
General note A novel.
500 ## - GENERAL NOTE
General note "Third reprint."
651 #0 - SUBJECT ADDED ENTRY--GEOGRAPHIC NAME
Geographic name India
Form subdivision Fiction.

No items available.

Powered by Koha